| 000 | 00613pam a2200229 a 4500 | ||
|---|---|---|---|
| 001 | 2314172 | ||
| 005 | 20180226045713.0 | ||
| 008 | 810318s1981 cau b 000 0 eng | ||
| 010 | _a 81004451 | ||
| 020 | _a0803916043 | ||
| 020 | _a0803916051 (pbk.) | ||
| 040 |
_aDLC _cDLC _dDLC |
||
| 041 | _aeng | ||
| 080 | _a302.2 ROL | ||
| 082 | 0 | 0 |
_a302.2 ROL _219 |
| 100 | 1 | _a50 | |
| 101 | _aSOC | ||
| 245 | 1 | 0 |
_aInterpersonal communication : _cMichael E. Roloff. |
| 504 | _aBibliography: p. 137-149. | ||
| 906 |
_a7 _bcbc _corignew _d1 _eocip _f19 _gy-gencatlg |
||
| 942 |
_2ddc _cBK |
||
| 999 |
_c43437 _d43437 |
||